00518nam a22001697a 450000500170000001000150001702000260003203500130005803700130007108200130008410000170009724500550011426000440016927000790021330000370029250000190032920150324150137.0 aENG-112196 a9789350097601c850.00 aEN-95728 bDBAD/PUB a599.0954 aMenon, Vivek aIndian mammals :cby Vivek Menonba field guide /  aGurgaonbHachette Book Publishingc2014 a4th & 5th Floor, Corporate Centre, Plot No.94, Sector -44bGurgaone122003 a528p.:c23cm(pbk)bcol.ill.,maps aIncludes index